Movies Quiz

Random Movies or Musical Quiz

Grease Characters Quiz Stats

Quiz Updated Aug 18, 2015

Challenge
Share
Tweet
Score 0/16 Timer 05:00
3 Plays Today
% Correct
Danny Zuko
95.3%
Sandy Olsson
94.5%
Betty Rizzo
84.9%
Frenchy
70.1%
Kenickie
51.2%
Cha Cha DiGregorio
50.2%
Coach Calhoun
49%
Marty Maraschino
43.9%
% Correct
Eugene Felnic
41%
Jan
40.4%
Sonny LaTierri
33.2%
Putzie
27.3%
Doody
26.9%
Leo Balmundo
20.3%
Tom Chisum
18.9%
Mrs. Murdock
8.4%

You're not logged in!

Compare scores with friends on all Sporcle quizzes.
Sign Up with Email
OR
Log In

You Might Also Like...

Show Comments

Extras

Top Quizzes Today


Score Distribution

Your Account Isn't Verified!

In order to create a playlist on Sporcle, you need to verify the email address you used during registration. Go to your Sporcle Settings to finish the process.